Moje 35 lat w Koźlu
| Titel: | Moje 35 lat w Koźlu |
|---|---|
| Verfasser: | |
| In: |
Szkice ke̜dzierzyńsko-kozielskie, Band 5 (1995), Seite 71-94 alle Artikel anzeigen |
| Veröffentlicht: | 1995 |
| Format: | Aufsatz |
| Sprache: | Polnisch |
X
alg: 39444638 001A $01999:12-11-16 001B $01999:12-03-21 $t22:51:28.000 001C $06050:19-11-16 $t09:34:12.000 001D $01999:12-11-16 001U $0utf8 001X $00 002@ $0Aox 003@ $0394446380 007A $0394446380 $aHEB 007T $0Herdw00602 010@ $apol 011@ $a1995 021A $aMoje 35 lat w Koźlu 027A $aMeine 35 Jahre in Cosel 028A $aSzubiński $dMirosław 031A $d5 $h71-94 $j1995 039B $aIn $8--Abvc--. Szkice ke̜dzierzyńsko-kozielskie. - Kędzierzyn-Koźle : Towarzystwo Ziemi Kozielskiej, 1985-. - ISSN 0860-1062 $x199500000050000929 $9048584932 045F $a900.943850904 $eDDC23BSB 045F/01 $a900 045F/03 $f0904 045F/03 $g4385 045T $a-OST $qDE-12 $2FID 045T $a7,41 046C $aMeine 35 Jahre in Cosel $bÜbers. des Hauptsacht. lok: 39444638 78 exp: 39444638 78 1 #EPN 201B/01 $018-11-16 $t11:38:15.000 201U/01 $0utf8 203@/01 $0790556790 208@/01 $a12-11-16 $be 209A/01 $a/ $f000 $x00 220C/01 $aTitelaufnehmer: EW 244Z/01 $2Trx $#Silesia $#Śląsk $#Sliezsko $#Slezsko $8--Trx--Schlesien $x01 $9391173987 244Z/01 $2Trx $#Cosel Oppeln $8--Trx--Koźle$gOpole $x02 $9391195255 244Z/01 $aGeschichte 1955-1962 $x03 244Z/01 $2Trx $8--Trx--Szubiński, Mirosław$Z1930-2005 $x04 $939063509X 244Z/01 $2Trx $#mälestused $#atsiminimai $#Memoirs $#emlékezések $#wspomnienia $#spomienky $#vzpomínky $#memuaarid $#Memoiren $#pamiętniki $#pamäti $#paměti $8--Trx--Erinnerungen $x05 $9391357727 244Z/01 $2Trx $8--Trx--Zeitschriftenaufsatz $x06 $9391384341 245Z/01 $a13.03 $x01 245Z/01 $a03.04.04 $x02 247C/01 $82080>Marburg/Lahn, Herder-Institut, Forschungsbibliothek, Bibliographieportal $9336309341
| LEADER | 00000caa a22000002c 4500 | ||
|---|---|---|---|
| 001 | 394446380 | ||
| 003 | DE-603 | ||
| 005 | 20210312225128.0 | ||
| 007 | tu | ||
| 008 | 161112s1995 xx |||| | u00||u|pol c | ||
| 035 | |a (DE-599)HEB394446380 | ||
| 040 | |a DE-603 |b ger |c DE-603 |d DE-603 | ||
| 041 | |a pol | ||
| 082 | 0 | 4 | |8 1\u |a 900.943850904 |q DE-101 |2 23/BSB |
| 084 | |a -OST |q DE-12 |2 fid | ||
| 084 | |a 7,41 |2 ssgn | ||
| 085 | |8 1\u |b 900 | ||
| 085 | |8 1\u |z 1 |s 0904 | ||
| 085 | |8 1\u |z 2 |s 4385 | ||
| 100 | 1 | |a Szubiński, Mirosław | |
| 245 | 0 | 0 | |a Moje 35 lat w Koźlu |
| 246 | 1 | |i Übers. des Hauptsacht. |a Meine 35 Jahre in Cosel | |
| 246 | 1 | 3 | |a Meine 35 Jahre in Cosel |
| 264 | 0 | |c 1995 | |
| 773 | 0 | 8 | |i In |t Szkice ke̜dzierzyńsko-kozielskie |d Kędzierzyn-Koźle : Towarzystwo Ziemi Kozielskiej, 1985- |x 0860-1062 |g Band 5 (1995), Seite 71-94 |w (DE-603)048584932 |w (DE-600)1080389-0 |
| 924 | 0 | |9 2080 |a (DE-603)790556790 |b DE-2080 |c HES |d d |g / | |


